[Event "Punta del Este Barla Memorial 2nd"]
[Site "Punta del Este"]
[Date "2023.03.18"]
[Round "2"]
[White "Rouiller, Cristopher"]
[Black "Soto, Joaquin"]
[Result "1/2-1/2"]
[WhiteElo "1610"]
[BlackElo "1868"]
[PlyCount "50"]
[EventDate "2023.03.17"]
[EventType "swiss"]
[EventRounds "5"]
[EventCountry "URU"]
[SourceTitle "EXT 2024"]
[Source "ChessBase"]
[SourceDate "2023.10.10"]
[SourceVersion "1"]
[SourceVersionDate "2023.10.10"]
[SourceQuality "1"]

1. e4 e6 2. d4 d5 3. Bd3 dxe4 4. Bxe4 Nf6 5. Bf3 c5 6. Ne2 Nc6 7. Be3 cxd4 8. Nxd4 Ne5 9. 0-0 Be7 10. Nc3 a6 11. Qe2 Ng6 12. Rfd1 Qa5 13. Nc6 Qc7 14. Nxe7 Nxe7 15. Rd2 0-0 16. Bg5 Ng6 17. Rad1 Qe5 18. Bxf6 Qxf6 19. Na4 e5 20. Rd6 Qe7 21. Nb6 Rb8 22. Qd3 Be6 23. Nd7 Bxd7 24. Rxd7 Qb4 25. b3 b5 1/2-1/2